STRATEGIC COST MANAGEMENT THE NEW TOOL F (Record no. 27196)

MARC details
000 -LEADER
fixed length control field 00349nam a2200133Ia 4500
008 - FIXED-LENGTH DATA ELEMENTS--GENERAL INFORMATION
fixed length control field 240624s9999 xx 000 0 und d
041 ## - LANGUAGE CODE
Language code of text/sound track or separate title eng
082 ## - DEWEY DECIMAL CLASSIFICATION NUMBER
Classification number 657.42 SHA
100 ## - MAIN ENTRY--PERSONAL NAME
Personal name SHANK JOHN K
245 ## - TITLE STATEMENT
Title STRATEGIC COST MANAGEMENT THE NEW TOOL F
260 ## - PUBLICATION, DISTRIBUTION, ETC.
Date of publication, distribution, etc. 1993
Place of publication, distribution, etc. New York
Name of publisher, distributor, etc. Free Press
300 ## - PHYSICAL DESCRIPTION
Extent viii, : 271 : p. : cm. ; 23
365 ## - TRADE PRICE
Currency code
Price amount 50
Holdings
Withdrawn status Lost status Damaged status Not for loan Home library Current library Shelving location Date acquired Source of acquisition Cost, normal purchase price Full call number Barcode Date last seen Copy number Price effective from Koha item type
        IMTN IMTN Rack 22-A 04/25/2016 BKI 19.95 657.42 SHA 27196 06/24/2024 70.7 06/24/2024 Books
Designed & Maintained by: LRC IMT Nagpur Contact: lrc@imtnag.ac.in© 2024. All Rights Reserved.